Совершенствование системы мониторинга качества атмосферного воздуха в г. Томске; Проблемы геологии и освоения недр

Bibliografske podrobnosti
Parent link:Проблемы геологии и освоения недр.— 2009.— С. 816-818
Glavni avtor: Шелестов А. А.
Drugi avtorji: Панин В. Ф. Владимир Филиппович (научный руководитель), Филатов А. Ю.
Jezik:ruščina
Izdano: 2009
Teme:
Format: MixedMaterials Book Chapter
KOHA link:https://koha.lib.tpu.ru/cgi-bin/koha/opac-detail.pl?biblionumber=182081

MARC

LEADER 00000naa2a2200000 4500
001 182081
005 20231031171215.0
035 |a (RuTPU)RU\TPU\book\197364 
090 |a 182081 
100 |a 20100616d2009 k y0rusy50 ca 
101 0 |a rus 
102 |a RU 
200 1 |a Совершенствование системы мониторинга качества атмосферного воздуха в г. Томске  |f А. А. Шелестов, В. Ф. Панин, А. Ю. Филатов  |g науч. рук. В. Ф. Панин 
320 |a Библиогр.: 8 назв. 
463 0 |0 (RuTPU)RU\TPU\book\186895  |y 978-5-98298-569-9  |t Проблемы геологии и освоения недр  |o труды XIII Международного симпозиума имени академика М. А. Усова студентов и молодых ученых, посвященного 110-летию со дня рождения К. В. Радугина  |f Томский политехнический университет (ТПУ), Институт геологии и нефтегазового дела (ИГНД)  |v С. 816-818  |d 2009  |p 993 с. 
610 1 |a атмосферный воздух 
610 1 |a мониторинг 
610 1 |a системы мониторинга 
610 1 |a качество 
610 1 |a загрязнение 
610 1 |a оценка 
610 1 |a труды учёных ТПУ 
700 1 |a Шелестов  |b А. А. 
701 1 |a Панин  |b В. Ф.  |c специалист в области экологии и безопасности жизнедеятельности  |c профессор Томского политехнического университета  |f 1940-  |g Владимир Филиппович  |2 stltpush  |3 (RuTPU)RU\TPU\pers\21989 
701 1 |a Филатов  |b А. Ю. 
702 1 |a Панин  |b В. Ф.  |c специалист в области экологии и безопасности жизнедеятельности  |c профессор Томского политехнического университета  |f 1940-  |g Владимир Филиппович  |2 stltpush  |4 727 
801 1 |a RU  |b 63413507  |c 20100616 
801 2 |a RU  |b 63413507  |c 20120912  |g RCR 
942 |c BK